00879cam a2200241Ia 4500001001000000003000600010005001700016008004100033020002500074020002200099035003900121040006200160050002700222082001600249100002300265245006300288260003900351300003600390504005100426520009800477650003600575650002600611624414159OCoLC20220322063721.0100517s2011 enka b 001 0 eng  a9780596802356 (pbk.) a0596802358 (pbk.) a(OCoLC)624414159z(OCoLC)609544357 aUKMcUKMdBTCTAdYDXCPdVP@dBWXdHCOdCDXdIXAdIULdEXN14aQA76.9.D343bJ354 201104a006.3122221 aJanert, Philipp K.10aData analysis with open source tools /cPhilipp K. Janert. aSebastopol, CA :bO'Reilly,c2011. axviii, 509 p. :bill. ;c24 cm. aIncludes bibliographical references and index. aProvides information on the techniques of data analysis using a variety of open source tools. 0aData miningxComputer programs. 0aOpen source software.